| 000 | 00627cam a22002293a 4500 | ||
|---|---|---|---|
| 001 | 38559 | ||
| 003 | PGUSA | ||
| 005 | 20140828083842.0 | ||
| 008 | 120112s2012||||xxu|||||s|||||000 | eng d | ||
| 040 |
_aPGUSA _beng |
||
| 042 | _adc | ||
| 100 | 1 | _aGordon, Lina Duff | |
| 245 | 1 | 4 |
_aThe Story of Assisi _h[electronic resource] / _cLina Duff Gordon |
| 260 |
_bProject Gutenberg, _c2012 |
||
| 506 | _aPublic domain in the USA. | ||
| 516 | _aElectronic text | ||
| 700 | 1 | _aJames, M. Helen | |
| 700 | 1 | _aErichsen, Nelly | |
| 830 | 0 |
_aProject Gutenberg _v38559 |
|
| 856 | 4 | 0 | _uhttp://www.gutenberg.org/ebooks/38559 |
| 942 | _cEB | ||
| 999 |
_c267813 _d267813 |
||